[Event "28. Friedensfest-Open (AFRO-A)"]
[Site "Augsburg"]
[Date "2023.08.04"]
[Round "3.33"]
[White "Nagy, Peter"]
[Black "Waibel, Manuel"]
[Result "0-1"]
[WhiteElo "1585"]
[BlackElo "1815"]
[EventDate "2023.08.03"]
[Time "09:30:00"]
[WhiteTeam "Rosenheimer-Schachverein in der"]
[BlackTeam "Schachges. Augsburg 1873"]

1.d4 d5 2.c4 e6 3.Nc3 Nf6 4.cxd5 exd5 5.Bg5 Be7 6.e3 h6 7.Bh4 O-O 8.Bd3 b6
9.Nge2 Bb7 10.O-O Ne4 11.Bxe7 Qxe7 12.Qc2 Rc8 13.Ng3 Nxg3 14.hxg3 Nd7 15.
Bf5 c5 16.dxc5 Rxc5 17.Qd2 d4 18.Bh3 dxc3 19.Qxd7 Qxd7 20.Bxd7 Rd8 21.Ba4 
cxb2 22.Rab1 Rd2 23.Bb3 Be4 0-1

[Event "28. Friedensfest-Open (AFRO-A)"]
[Site "Augsburg"]
[Date "2023.08.05"]
[Round "5.22"]
[White "Seisenberger, Georg"]
[Black "Waibel, Manuel"]
[Result "1-0"]
[WhiteElo "2057"]
[BlackElo "1815"]
[EventDate "2023.08.03"]
[Time "09:30:00"]
[WhiteTeam "SV Ilmmuenster"]
[BlackTeam "Schachges. Augsburg 1873"]

1.d4 d5 2.c4 e6 3.Nc3 Nf6 4.Bg5 Be7 5.cxd5 exd5 6.e3 O-O 7.Bd3 h6 8.Bh4 c6
9.Qc2 Re8 10.Nge2 Ne4 11.Bxe7 Qxe7 12.Bxe4 dxe4 13.Ng3 f5 14.O-O Na6 15.a3
Be6 16.f3 exf3 17.Rxf3 Rf8 18.Re1 Qg5 19.Nge2 Rae8 20.Nf4 Bc8 21.Nd3 Nc7 
22.Ne5 f4 23.Ne4 Qd8 24.Ng6 Rxe4 25.Qxe4 Bf5 26.Ne7+ 1-0

[Event "28. Friedensfest-Open (AFRO-A)"]
[Site "Augsburg"]
[Date "2023.08.06"]
[Round "7.24"]
[White "Nagy, Peter"]
[Black "Kandel, Harald"]
[Result "1-0"]
[WhiteElo "1585"]
[BlackElo "1997"]
[EventDate "2023.08.03"]
[Time "09:30:00"]
[WhiteTeam "Rosenheimer-Schachverein in der"]
[BlackTeam "TSG Ehingen 1848 e.V."]

1.d4 d5 2.c4 e6 3.Nc3 Nf6 4.cxd5 exd5 5.Bg5 Be7 6.e3 c6 7.Bd3 h6 8.Bh4 
Nbd7 9.Qc2 Nb6 10.Nge2 Be6 11.f3 Nh5 12.Bf2 Qd7 13.O-O O-O 14.Rad1 Rae8 
15.Kh1 Bd6 16.e4 dxe4 17.fxe4 Nf4 18.Nxf4 Bxf4 19.d5 Bg4 20.Bxb6 Bxd1 21.
Qxd1 axb6 22.Rxf4 Qd6 23.Rf1 Re5 24.Qf3 b5 25.a3 b4 26.axb4 Qxb4 27.Qf4 f6
28.Qd2 Rd8 29.Rd1 Kf8 30.h3 Qc5 31.Be2 f5 32.Bf3 Qb6 33.Ne2 Re6 34.Nf4 
Red6 35.Qc2 c5 36.Ne6+ 1-0

[Event "28. Friedensfest-Open (AFRO-A)"]
[Site "Augsburg"]
[Date "2023.08.05"]
[Round "6.40"]
[White "Stakor, Darko"]
[Black "Fischermann, Simon"]
[Result "1/2-1/2"]
[WhiteElo "1717"]
[BlackElo "1598"]
[EventDate "2023.08.03"]
[Time "15:30:00"]
[WhiteTeam "SK Kriegshaber"]
[BlackTeam "Schachgemeinschaft Porz e. V."]

1.d4 d5 2.c4 e6 3.Nc3 Nf6 4.cxd5 exd5 5.Bg5 c6 6.e3 Be7 7.Qc2 O-O 8.Bd3 h6
9.Bf4 Nh5 10.Bg3 f5 11.Nge2 Na6 12.a3 Qa5 13.O-O Nxg3 14.hxg3 Qd8 15.b4 
Nc7 16.Qb3 Kh8 17.b5 Qe8 18.bxc6 bxc6 19.Rfc1 Bd7 20.Na4 Ne6 21.Qc2 Rc8 
22.Nc5 Nxc5 23.dxc5 Rc7 24.Nd4 Qh5 25.Rab1 Qf7 26.Nf3 Qf6 27.a4 a5 28.Rb6 
Ra7 1/2-1/2

[Event "28. Friedensfest-Open (AFRO-A)"]
[Site "Augsburg"]
[Date "2023.08.05"]
[Round "5.17"]
[White "Portnov, Dmytro"]
[Black "Soergel, Thomas"]
[Result "1/2-1/2"]
[WhiteElo "1818"]
[BlackElo "2019"]
[EventDate "2023.08.03"]
[Time "09:30:00"]
[WhiteTeam "SC Weisse Dame Ulm e.V."]
[BlackTeam "SK Graefelfing"]

1.d4 d5 2.c4 e6 3.Nc3 Nf6 4.cxd5 exd5 5.Bg5 Be7 6.Qc2 c6 7.e3 O-O 8.Bd3 h6
9.Bf4 Be6 10.Nf3 Nbd7 11.h3 Re8 12.g4 c5 13.Rg1 c4 14.Be2 Qa5 15.g5 hxg5 
16.Nxg5 Nf8 17.Nf3 Ne4 18.Nd2 Nxd2 19.Qxd2 Ng6 20.Bg3 b5 21.Bh5 b4 22.Ne2 
Bf5 23.Bg4 Bxg4 24.hxg4 Rac8 25.f4 c3 26.bxc3 bxc3 27.Qc2 Rb8 28.Kf2 Rb2 
29.Qf5 Qb5 30.Rae1 Bb4 31.Rh1 c2 32.Rc1 Bd2 33.Rxc2 Bxe3+ 34.Kf3 Bd2 35.
Nc1 Bxc1 36.Rhxc1 Rxc2 37.Qxc2 Nf8 38.Rb1 Qa6 39.Re1 Rxe1 40.Bxe1 Ne6 41.
Bf2 Qa3+ 42.Qb3 Qxb3+ 43.axb3 a6 44.Be3 Nd8 45.Bd2 Nc6 46.Bc3 Kf8 1/2-1/2

[Event "28. Friedensfest-Open (AFRO-A)"]
[Site "Augsburg"]
[Date "2023.08.04"]
[Round "3.21"]
[White "Vuong, Anh-Tu"]
[Black "Doll, Luca Fabio"]
[Result "1-0"]
[WhiteElo "2031"]
[BlackElo "1757"]
[EventDate "2023.08.03"]
[Time "09:30:00"]
[WhiteTeam "TSV Landsberg"]
[BlackTeam "TSV Langenau"]

1.d4 d5 2.c4 e6 3.Nf3 Nf6 4.g3 c6 5.Bg2 Bd6 6.O-O Nbd7 7.Nc3 O-O 8.Nd2 Bc7
9.e4 dxe4 10.Ndxe4 Nxe4 11.Nxe4 Nb6 12.b3 e5 13.Bb2 f5 14.Nc5 Qf6 15.d5 
cxd5 16.cxd5 Qe7 17.Qc2 Bd6 18.Rac1 f4 19.Rfe1 f3 20.Bf1 Bf5 21.Bd3 Bxd3 
22.Qxd3 Bxc5 23.Rxe5 Qf6 24.Rxc5 Nd7 25.d6 Nxc5 26.Qc4+ Qf7 27.Qxc5 Rac8 
28.Qd4 Qg6 29.Re1 Rfe8 30.Rd1 Rcd8 31.Bc3 Rd7 32.h4 Qe6 33.Kh2 b6 34.Re1 
Qf7 35.Qxg7+ Qxg7 36.Rxe8+ Kf7 37.Bxg7 Kxe8 38.Be5 h5 39.g4 Kf7 40.Kg3 Ke6
41.Bf4 hxg4 42.Kxg4 Rh7 43.h5 Kf6 44.h6 a5 45.a4 Rb7 46.Kh5 b5 47.Bg5+ Kf7
48.Be7 bxa4 49.bxa4 Rd7 50.Kg5 Rb7 51.Bf6 Kg8 52.Kg6 Rd7 53.Be7 Kh8 54.Kf7
1-0

[Event "28. Friedensfest-Open (AFRO-A)"]
[Site "Augsburg"]
[Date "2023.08.05"]
[Round "5.21"]
[White "Berlizov, Stanislaw"]
[Black "Trapp, Robert"]
[Result "1/2-1/2"]
[WhiteElo "1764"]
[BlackElo "2089"]
[EventDate "2023.08.03"]
[Time "09:30:00"]
[WhiteTeam "SC 1947 Beilngries"]
[BlackTeam "SK Freising"]

1.d4 d5 2.c4 e6 3.Nf3 f5 4.Nc3 Nf6 5.Bf4 c6 6.e3 Bd6 7.Bd3 O-O 8.Qc2 Ne4 
9.O-O Qe7 10.a3 Nd7 11.c5 Bb8 12.b4 e5 13.dxe5 Nxe5 14.Bxe5 Bxe5 15.Nxe5 
Qxe5 16.Ne2 Bd7 17.Rab1 a6 18.Rfe1 Rae8 19.Qb2 Qe7 20.f3 Nxc5 21.bxc5 
Qxe3+ 22.Kf1 Qxd3 23.Qxb7 Bc8 24.Qb3 Re3 25.Qxd3 Rxd3 26.Rb6 Rxa3 27.Nd4 
Rd3 28.Nxc6 Rc3 29.Ne7+ Kf7 30.Rc6 Bd7 31.Rc7 Bb5+ 32.Kf2 Rc2+ 33.Kg3 f4+ 
34.Kxf4 Rxg2 35.Nf5+ Kf6 36.Ng3 Rxh2 37.Kg4 g6 38.f4 h5+ 39.Kf3 h4 40.Rce7
Rf7 41.R7e6+ Kg7 42.Nf1 Bxf1 43.Rxf1 Rc2 44.Rxa6 Rxc5 45.Rd6 h3 46.Rh1 
Rc3+ 47.Kg4 Rf5 48.Rxh3 Rxh3 49.Kxh3 Rxf4 50.Rxd5 Kf6 51.Kg3 Rf5 52.Rxf5+ 
Kxf5 53.Kf3 g5 54.Kg3 g4 55.Kg2 Kf4 56.Kf2 g3+ 57.Kg2 Kg4 58.Kg1 Kf3 59.
Kf1 g2+ 60.Kg1 Kg3 1/2-1/2

[Event "28. Friedensfest-Open (AFRO-A)"]
[Site "Augsburg"]
[Date "2023.08.03"]
[Round "1.22"]
[White "Bilandzic, Ante"]
[Black "Gehring, Bastian"]
[Result "1-0"]
[WhiteElo "1847"]
[BlackElo "1726"]
[EventDate "2023.08.03"]
[Time "09:30:00"]
[WhiteTeam "FC Bayern München e.V."]
[BlackTeam "SC Sonthofen"]

1.d4 d5 2.Nf3 Nc6 3.Bf4 Bf5 4.c3 e6 5.Nbd2 Bd6 6.Bg5 Nge7 7.e3 a6 8.Be2 
Qc8 9.O-O O-O 10.Re1 h6 11.Bh4 Bh7 12.Bf1 Nf5 13.Bg3 Nxg3 14.hxg3 e5 15.
dxe5 Nxe5 16.Nxe5 Bxe5 17.Nf3 Qe6 18.Bd3 Rad8 19.Bxh7+ Kxh7 20.Qc2+ g6 21.
Rad1 Bf6 22.Rd2 Kg7 23.a3 h5 24.e4 dxe4 25.Rxe4 Rxd2 26.Nxd2 Qf5 27.f3 g5 
28.Nf1 Rh8 29.Qf2 Qg6 30.Qe2 h4 31.g4 Bd8 32.Ne3 h3 33.Nf5+ Kf6 34.Re8 
Rxe8 35.Qxe8 h2+ 36.Kxh2 Qh7+ 37.Kg1 1-0

[Event "28. Friedensfest-Open (AFRO-A)"]
[Site "Augsburg"]
[Date "2023.08.04"]
[Round "3.15"]
[White "Mayer, Arnd"]
[Black "Sowka, Patrick"]
[Result "1-0"]
[WhiteElo "2019"]
[BlackElo "1737"]
[EventDate "2023.08.03"]
[Time "09:30:00"]
[WhiteTeam "SV Jedesheim 1921"]
[BlackTeam "FC Ergolding 1932 e.V."]

1.d4 d5 2.Nf3 Nf6 3.Bf4 e6 4.Nbd2 Bd6 5.Ne5 O-O 6.e3 c5 7.c3 a6 8.Bd3 Nc6 
9.Qf3 Qe7 10.Qh3 h6 11.g4 Bxe5 12.dxe5 Nh7 13.Qh5 f5 14.Rg1 Qf7 15.Qh3 Kh8
16.g5 Ne7 17.Be2 Ng6 18.O-O-O Nxf4 19.exf4 g6 20.gxh6 Rg8 21.Nf3 b5 22.Rg3
Bb7 23.Rdg1 d4 24.Nh4 Nf8 25.Bh5 Kh7 26.Nxg6 Nxg6 27.Rxg6 Rxg6 28.Bxg6+ 
Qxg6 29.Rxg6 Kxg6 30.Qh4 Rf8 31.Qg5+ Kf7 32.Qg7+ 1-0

[Event "28. Friedensfest-Open (AFRO-A)"]
[Site "Augsburg"]
[Date "2023.08.04"]
[Round "3.11"]
[White "Ganslmayer, Anton, Dr."]
[Black "Baur, Frank"]
[Result "0-1"]
[WhiteElo "1856"]
[BlackElo "2042"]
[EventDate "2023.08.03"]
[Time "09:30:00"]
[WhiteTeam "SV Jedesheim 1921"]
[BlackTeam "SF Mengen"]

1.d4 d5 2.Nf3 Nf6 3.c3 e6 4.Bf4 Bd6 5.Bg3 O-O 6.Nbd2 c5 7.e3 Qc7 8.Bd3 
Nbd7 9.O-O Bxg3 10.hxg3 e5 11.dxe5 Nxe5 12.Nxe5 Qxe5 13.Nf3 Qe7 14.Qc2 Bd7
15.Rfe1 Rfe8 16.Rad1 Rad8 17.Rc1 b5 18.Qe2 Rb8 19.a3 a5 20.Qd2 Ne4 21.Qc2 
a4 22.Red1 Rb6 23.Bf1 Bc6 24.Nd2 Nxf2 25.Re1 Ng4 26.Bd3 g6 27.Nf1 c4 0-1

[Event "28. Friedensfest-Open (AFRO-A)"]
[Site "Augsburg"]
[Date "2023.08.05"]
[Round "5.1"]
[White "Hoefelsauer, Thomas"]
[Black "Duong, Quang Bach"]
[Result "1/2-1/2"]
[WhiteElo "2367"]
[BlackElo "1658"]
[EventDate "2023.08.03"]
[Time "09:30:00"]
[WhiteTeam "Schachklub Muenchen Suedost e.V."]
[BlackTeam "Schachfreunde Augsburg"]

1.d4 d5 2.Nf3 Nf6 3.c3 e6 4.Bf4 c5 5.e3 Nc6 6.Nbd2 Nh5 7.Bg5 f6 8.Bh4 g6 
9.Ne5 Be7 10.Nxc6 bxc6 11.Bd3 Bd7 12.O-O O-O 13.b3 cxd4 14.cxd4 c5 15.dxc5
Bxc5 16.Be2 Ng7 17.e4 dxe4 18.Nxe4 Be7 19.f3 e5 20.Bc4+ Be6 21.Qe2 Qb6+ 
22.Bf2 Qa5 23.Rad1 Rad8 24.a4 Qb4 25.Bxa7 Rxd1 26.Rxd1 Ra8 27.Bf2 Bxc4 28.
Qxc4+ Qxc4 29.bxc4 Rxa4 30.Rc1 Ne6 31.c5 1/2-1/2

[Event "28. Friedensfest-Open (AFRO-A)"]
[Site "Augsburg"]
[Date "2023.08.06"]
[Round "7.11"]
[White "Mayer, Arnd"]
[Black "Baur, Volker, Dr."]
[Result "1-0"]
[WhiteElo "2019"]
[BlackElo "1883"]
[EventDate "2023.08.03"]
[Time "09:30:00"]
[WhiteTeam "SV Jedesheim 1921"]
[BlackTeam "SF Mengen"]

1.d4 d5 2.Nf3 Nf6 3.Bf4 c5 4.e3 Nc6 5.Nc3 Nh5 6.Bg5 h6 7.Bh4 g5 8.Ne5 Ng7 
9.Bb5 Bd7 10.Bg3 Nxe5 11.Bxe5 Bxb5 12.Nxb5 Qa5+ 13.Nc3 f6 14.Bg3 h5 15.h4 
g4 16.Qd3 Kf7 17.dxc5 e6 18.e4 d4 19.Qxd4 Rd8 20.Bd6 Bxd6 21.cxd6 Rd7 22.
O-O-O Rhd8 23.Qa4 Qxa4 24.Nxa4 Rxd6 25.Rxd6 Rxd6 26.Rd1 Ke7 27.Rxd6 Kxd6 
28.Kd2 Ke5 29.Kd3 Kf4 30.Nc3 f5 31.Ne2+ Ke5 32.exf5 exf5 33.g3 Ne6 34.Ke3 
a6 35.c4 b5 36.b3 bxc4 37.bxc4 a5 38.Nf4 Nd8 39.Nxh5 Kd6 40.Ng7 Ke5 41.Nh5
Nc6 42.Nf4 Nb4 43.Nd3+ 1-0

[Event "28. Friedensfest-Open (AFRO-A)"]
[Site "Augsburg"]
[Date "2023.08.05"]
[Round "6.6"]
[White "Bilandzic, Ante"]
[Black "Baur, Frank"]
[Result "1/2-1/2"]
[WhiteElo "1847"]
[BlackElo "2042"]
[EventDate "2023.08.03"]
[Time "15:30:00"]
[WhiteTeam "FC Bayern Muenchen e.V."]
[BlackTeam "SF Mengen"]

1.d4 d5 2.Nf3 Nf6 3.Bf4 e6 4.e3 Bd6 5.Bg5 Nbd7 6.Nbd2 h6 7.Bh4 c5 8.c3 e5 
9.dxe5 Nxe5 10.Nxe5 Bxe5 11.Nf3 Qd6 12.Nxe5 Qxe5 13.Bxf6 gxf6 14.Bb5+ Ke7 
15.Be2 Be6 16.Qd2 Rad8 17.O-O-O Rd6 18.f4 Qe4 19.Bd3 Qa4 20.Bb1 f5 21.Qc2 
Qxc2+ 22.Bxc2 Rhd8 23.Rhe1 d4 24.exd4 cxd4 25.cxd4 Rxd4 26.Rxd4 Rxd4 27.g3
Kd6 28.a3 a5 29.Re5 Rd5 30.Re3 Rc5 31.Rd3+ Rd5 32.Kd2 f6 33.Ke3 Rxd3+ 34.
Kxd3 Kc5 35.Kc3 b5 36.b4+ axb4+ 37.axb4+ Kc6 38.Bd3 Bd7 39.Kd4 Kd6 40.Be2 
Bc6 41.Bh5 Bd7 42.Bg6 Kc6 43.Bf7 Kd6 44.Bd5 Bc6 45.Bf7 Bd7 46.Bg6 Kc6 47.
h3 Kd6 48.Bh5 Bc6 49.Be2 Bd7 50.Bf3 Bc6 51.Be2 Bd7 52.g4 fxg4 53.hxg4 Bc6 
54.Ke3 Ke6 55.Bd3 Kd6 56.Bg6 Bd7 57.f5 Ke5 58.Bf7 Bc6 59.Be6 Be8 60.Bc8 
Bc6 1/2-1/2

[Event "28. Friedensfest-Open (AFRO-A)"]
[Site "Augsburg"]
[Date "2023.08.04"]
[Round "4.3"]
[White "Reis, Thomas"]
[Black "Player, Edmund"]
[Result "1/2-1/2"]
[WhiteElo "2196"]
[BlackElo "2204"]
[EventDate "2023.08.03"]
[Time "15:30:00"]
[WhiteTeam "SK Kriegshaber"]
[BlackTeam "FC Bayern Muenchen e.V."]

1.d4 d5 2.Nf3 Nf6 3.c4 dxc4 4.e3 a6 5.Bxc4 b5 6.Bd3 Bb7 7.O-O e6 8.b3 c5 
9.dxc5 Bxc5 10.Bb2 O-O 11.a3 Qe7 12.b4 Bb6 13.Nbd2 Rc8 14.Rc1 1/2-1/2

[Event "28. Friedensfest-Open (AFRO-A)"]
[Site "Augsburg"]
[Date "2023.08.05"]
[Round "6.22"]
[White "Birth, Waldemar"]
[Black "Bangerter, Daria"]
[Result "1/2-1/2"]
[WhiteElo "1937"]
[BlackElo "1802"]
[EventDate "2023.08.03"]
[Time "15:30:00"]
[WhiteTeam "Schachklub Rochade Augsburg"]
[BlackTeam "Zuerich Reti ASK"]

1.d4 d5 2.Nf3 Nf6 3.c4 dxc4 4.Nc3 a6 5.a4 e6 6.e3 Be7 7.Bxc4 c5 8.O-O cxd4
9.exd4 O-O 10.h3 Nc6 11.Be3 Nb4 12.Qe2 Nbd5 13.Bd2 b6 14.Rfd1 Bb7 15.Rac1 
Qd7 16.Bb3 Rac8 17.Ne5 Qd6 18.Nc4 Qc6 19.f3 Qd7 20.Ne4 Ba8 21.Ne5 Qb7 22.
Nxf6+ Bxf6 23.Bc2 b5 24.axb5 axb5 25.Be4 Qa7 26.Qf2 Rxc1 27.Rxc1 Bd8 28.
Nd3 Bb6 29.Nc5 Rd8 30.b4 Qa3 31.Qe1 Qa2 32.Rc2 Qa7 33.Qb1 Nf6 34.Ra2 Bxe4 
35.fxe4 Qc7 36.Be3 Qg3 37.Bf2 Qf4 38.Re2 Bc7 39.g3 Qg5 40.e5 Nh5 41.Qe4 
Nxg3 42.Bxg3 Qxg3+ 43.Rg2 Qxh3 44.Nb7 Ra8 45.Na5 Rf8 46.Nc6 Bd8 47.Na7 Qa3
48.Nc6 Qc1+ 49.Kh2 Qh6+ 50.Kg1 Bg5 51.Rg4 Be3+ 52.Kg2 Bg5 53.Kg1 Bd8 54.
Kg2 f5 55.exf6 Qxf6 56.Qe2 Qf5 57.Kg1 Qb1+ 58.Kh2 Qf5 59.Kg1 Qb1+ 60.Kh2 
Qf5 61.Kg1 h5 62.Rg3 Qd5 63.Qc2 Bf6 64.Qg6 Bxd4+ 65.Nxd4 Qxd4+ 66.Kh2 Qe5 
67.Kg2 Qe2+ 68.Kh3 Qf1+ 69.Rg2 Qf5+ 70.Kh4 Qxg6 71.Rxg6 Kf7 72.Rg5 Rb8 73.
Kxh5 g6+ 74.Kg4 Kf6 75.Kf4 Rb6 76.Rc5 Rb7 77.Rg5 Kg7 78.Re5 Rb6 79.Kg5 Kf7
80.Rc5 Rb7 81.Re5 Rb8 82.Rc5 Rb7 83.Re5 Ke7 84.Kxg6 Kd6 85.Rc5 Rb8 86.Kg5 
e5 87.Kg4 Rg8+ 88.Kf3 Rf8+ 89.Ke3 Rb8 90.Ke4 Rh8 91.Rxb5 Rh4+ 92.Kd3 Rh3+ 
93.Kc4 Rh4+ 94.Kb3 e4 95.Rb8 Rh7 96.Kc3 Re7 97.Kd2 e3+ 98.Ke2 Kc7 99.Rb5 
Kc6 100.Rc5+ Kb6 1/2-1/2

[Event "28. Friedensfest-Open (AFRO-A)"]
[Site "Augsburg"]
[Date "2023.08.03"]
[Round "2.24"]
[White "Birth, Waldemar"]
[Black "Holuba, Stefan"]
[Result "1-0"]
[WhiteElo "1937"]
[BlackElo "1757"]
[EventDate "2023.08.03"]
[Time "15:30:00"]
[WhiteTeam "Schachklub Rochade Augsburg"]
[BlackTeam "SK Caissa Augsburg"]

1.d4 d5 2.Nf3 Nf6 3.c4 c6 4.Nc3 e6 5.e3 Be7 6.Qc2 O-O 7.b3 Nbd7 8.Bb2 b6 
9.Bd3 Re8 10.O-O Bb7 11.Rac1 Nf8 12.e4 dxe4 13.Nxe4 Nxe4 14.Bxe4 Rc8 15.
Rfd1 Bf6 16.b4 Qc7 17.a3 Qf4 18.g3 Qg4 19.Ne5 Bxe5 20.dxe5 Ng6 21.Bg2 Qg5 
22.f4 Qe7 23.c5 Qc7 24.Be4 Ne7 25.Bxh7+ Kf8 26.Be4 Nd5 27.cxb6 axb6 28.
Bxd5 exd5 29.Rxd5 c5 30.Rd6 Kg8 31.Qf5 Ba8 32.Rd7 1-0

[Event "28. Friedensfest-Open (AFRO-A)"]
[Site "Augsburg"]
[Date "2023.08.03"]
[Round "2.5"]
[White "Reis, Thomas"]
[Black "Struck, Christian"]
[Result "1/2-1/2"]
[WhiteElo "2196"]
[BlackElo "1915"]
[EventDate "2023.08.03"]
[Time "15:30:00"]
[WhiteTeam "SK Kriegshaber"]
[BlackTeam "Schachfreunde Augsburg"]

1.d4 d6 2.Nf3 Nf6 3.c4 Nbd7 4.Nc3 e5 5.e3 c6 6.Be2 Be7 7.O-O O-O 8.b4 exd4
9.Nxd4 d5 10.b5 Ne5 11.bxc6 Nxc6 12.Nxc6 bxc6 13.cxd5 Nxd5 14.Nxd5 cxd5 
15.Bb2 Be6 16.Bf3 Bf6 17.Bd4 Bxd4 18.Qxd4 Qa5 19.Rfd1 Rfd8 20.Rd2 Rab8 21.
Rb2 h6 22.h3 Rxb2 23.Qxb2 d4 24.exd4 Qg5 25.Qb7 Rxd4 26.Qxa7 Rd7 27.Qe3 
Qf6 28.Re1 Rc7 29.Rc1 Re7 30.Qa3 Qg5 31.Re1 Rc7 32.Qb2 Qa5 33.Re5 Qxa2 34.
Qxa2 Bxa2 35.Re8+ Kh7 36.Be4+ g6 37.h4 f5 38.Bf3 Bf7 39.Rb8 Kg7 40.Kh2 Ra7
41.Rb7 Rxb7 42.Bxb7 1/2-1/2

[Event "28. Friedensfest-Open (AFRO-A)"]
[Site "Augsburg"]
[Date "2023.08.04"]
[Round "3.3"]
[White "Jussim, Maxim"]
[Black "Niedermeier, Thomas"]
[Result "0-1"]
[WhiteElo "2098"]
[BlackElo "2226"]
[EventDate "2023.08.03"]
[Time "09:30:00"]
[WhiteTeam "Schachfreunde Augsburg"]
[BlackTeam "SV Ilmmuenster"]

1.d4 e6 2.Bf4 f5 3.Nf3 Nf6 4.e3 g6 5.c4 Bg7 6.Nc3 d6 7.Qc2 O-O 8.h4 Nc6 9.
O-O-O a6 10.h5 Nxh5 11.Rxh5 gxh5 12.Be2 Bd7 13.Rh1 e5 14.Bg5 Qe8 15.d5 Nb4
16.Qd1 h6 17.Bh4 a5 18.Nd2 e4 19.Nb3 a4 20.Nd4 a3 21.b3 Qe5 22.Bxh5 c5 23.
dxc6 bxc6 24.Kb1 c5 25.Nde2 f4 26.exf4 Qxh5 27.Be7 Qg6 28.Qxd6 Qxd6 29.
Bxd6 Bf5 30.Bxf8 Rxf8 31.Kc1 Bg4 32.Kd2 Bxe2 0-1

[Event "28. Friedensfest-Open (AFRO-A)"]
[Site "Augsburg"]
[Date "2023.08.03"]
[Round "2.22"]
[White "Hofbauer, Bernhard"]
[Black "Berlizov, Stanislaw"]
[Result "1/2-1/2"]
[WhiteElo "1954"]
[BlackElo "1764"]
[EventDate "2023.08.03"]
[Time "15:30:00"]
[WhiteTeam "SK Tarrasch 1945 Muenchen"]
[BlackTeam "SC 1947 Beilngries"]

1.d4 e6 2.Bf4 Nf6 3.e3 b6 4.Qf3 d5 5.Bd3 Bb7 6.Nd2 Bd6 7.c3 c5 8.Ne2 Nc6 
9.Bxd6 Qxd6 10.Qg3 Qxg3 11.Nxg3 cxd4 12.exd4 Ke7 13.O-O Rhc8 14.Rfe1 Kf8 
15.Nf3 h6 16.h3 a6 17.Ne5 Nxe5 18.Rxe5 a5 19.f4 g6 20.Re2 Ne8 21.Nf1 h5 
22.Nd2 Nd6 23.Nf3 Ba6 24.Rd1 Bxd3 25.Rxd3 b5 26.Ne5 Ra7 27.a3 Kg7 28.g4 
hxg4 29.hxg4 Nc4 30.Rh3 1/2-1/2

[Event "28. Friedensfest-Open (AFRO-A)"]
[Site "Augsburg"]
[Date "2023.08.05"]
[Round "6.3"]
[White "Sowka, Patrick"]
[Black "Vuckovic, Robert"]
[Result "1/2-1/2"]
[WhiteElo "1737"]
[BlackElo "1906"]
[EventDate "2023.08.03"]
[Time "15:30:00"]
[WhiteTeam "FC Ergolding 1932 e.V."]
[BlackTeam "Schachfreunde Augsburg"]

1.d4 e6 2.Bf4 Nf6 3.e3 Be7 4.Nf3 Nh5 5.Bg3 Nxg3 6.hxg3 Bf6 7.e4 d6 8.c3 
Nd7 9.Na3 c5 10.Nb5 Be7 11.dxc5 Nxc5 12.Qc2 a6 13.Nbd4 Bd7 14.Rd1 Rc8 15.
Be2 Qb6 16.Nd2 g6 17.O-O O-O 18.Kh1 e5 19.Nc4 Qc7 20.Nb3 Be6 21.g4 Nxe4 
22.Qxe4 Bxc4 23.Bxc4 Qxc4 24.Qxb7 Rc7 25.Qf3 Kg7 26.Qd3 Qxg4 27.Qxa6 Rc4 
28.Qb7 Qh5+ 29.Kg1 Qh4 30.Nd2 Rcc8 31.g3 Qf6 32.Ne4 Qe6 33.Qd5 Rfd8 34.
Qxe6 fxe6 35.Ra1 d5 36.Nd2 d4 37.Ne4 dxc3 38.Nxc3 Rd2 39.Rab1 Bb4 40.Ne4 
Re2 41.Ng5 h6 42.a3 1/2-1/2

[Event "28. Friedensfest-Open (AFRO-A)"]
[Site "Augsburg"]
[Date "2023.08.03"]
[Round "1.15"]
[White "Haller, Quentin"]
[Black "Altok, Mesut"]
[Result "1-0"]
[WhiteElo "2042"]
[BlackElo "1904"]
[EventDate "2023.08.03"]
[Time "09:30:00"]
[WhiteTeam "?"]
[BlackTeam "Satranç Club 2000 e. V."]

1.d4 f5 2.h3 d5 3.Nf3 Nf6 4.c4 e6 5.Bf4 Bb4+ 6.Nbd2 dxc4 7.Qa4+ Nc6 8.e3 
Qd5 9.Qc2 b5 10.a4 Ba6 11.axb5 Bxb5 12.Be2 Rc8 13.O-O Na5 14.Rfc1 O-O 15.
Nxc4 Nxc4 16.Bxc4 Bxc4 17.Qxc4 a5 18.Qc6 Qb3 19.Be5 Rf7 20.Rc2 Ne4 21.Rac1
Re7 22.Qa6 Rce8 23.Bxc7 h6 24.Qb5 Rc8 25.Qa6 Rcxc7 26.Rxc7 Rxc7 27.Rxc7 
Qd1+ 28.Qf1 Qb3 29.Qc1 Qd3 30.Qc2 Qb5 31.Qc4 1-0

[Event "28. Friedensfest-Open (AFRO-A)"]
[Site "Augsburg"]
[Date "2023.08.05"]
[Round "5.14"]
[White "Jussim, Maxim"]
[Black "Altok, Mesut"]
[Result "0-1"]
[WhiteElo "2098"]
[BlackElo "1904"]
[EventDate "2023.08.03"]
[Time "09:30:00"]
[WhiteTeam "Schachfreunde Augsburg"]
[BlackTeam "Satranç Club 2000 e. V."]

1.d4 f5 2.Nc3 Nf6 3.Bg5 e6 4.e4 fxe4 5.Nxe4 Be7 6.Bxf6 Bxf6 7.Nf3 O-O 8.
Bd3 b6 9.Qe2 Bb7 10.O-O-O Nc6 11.c3 a5 12.h4 Ne7 13.Bb1 Qe8 14.h5 Qf7 15.
Qd3 g6 16.hxg6 hxg6 17.Nxf6+ Qxf6 18.Ne5 Qg5+ 19.Rd2 Qxg2 20.Rhd1 Bf3 21.
Re1 d5 22.Qb5 Rad8 23.b3 Bh5 24.Nd3 Rf6 25.f4 Qg3 26.Rf1 g5 27.Rdf2 Qe3+ 
28.Kb2 Be2 29.Rxe2 Qxe2+ 30.Bc2 Qxf1 0-1

[Event "28. Friedensfest-Open (AFRO-A)"]
[Site "Augsburg"]
[Date "2023.08.06"]
[Round "7.15"]
[White "Stork, Simon"]
[Black "Altok, Mesut"]
[Result "1/2-1/2"]
[WhiteElo "2080"]
[BlackElo "1904"]
[EventDate "2023.08.03"]
[Time "09:30:00"]
[WhiteTeam "TSV Langenau"]
[BlackTeam "Satranç Club 2000 e. V."]

1.d4 f5 2.Bg5 d5 3.Nf3 Nf6 4.Bxf6 exf6 5.e3 Bd6 6.c4 O-O 7.cxd5 f4 8.e4 
Re8 9.Bd3 Bf5 10.O-O Bxe4 11.Bxe4 Rxe4 12.Nc3 Re7 13.Qb3 b6 14.Rfe1 a6 15.
Re6 Nd7 16.Rae1 Kh8 17.Qc2 Nf8 18.Rxe7 Bxe7 19.h4 Qd7 20.Qe4 Bd6 21.h5 Qg4
22.h6 gxh6 23.Nd2 Rd8 24.a3 h5 25.Nc4 f5 26.Qf3 Kg8 27.Ne5 Qg5 28.Ne2 Ng6 
29.Nxg6 hxg6 30.Nc3 Kf7 31.Qe2 Qf6 32.Qxa6 f3 33.Nb5 Bh2+ 34.Kxh2 Qh4+ 35.
Kg1 Qg4 36.g3 Qh3 37.Nd6+ Rxd6 38.Qf1 Qg4 39.Qc4 f4 40.Qxc7+ Rd7 41.Qxf4+ 
Qxf4 42.gxf4 Rxd5 43.Re3 Rxd4 44.Rxf3 b5 45.Rb3 Rd5 46.Kg2 Kf6 47.Kf3 g5 
48.fxg5+ Kxg5 49.Rc3 Kh4 50.Kg2 Rg5+ 51.Rg3 Rc5 52.b3 Rc1 53.Rd3 Rc5 54.a4
bxa4 55.bxa4 Ra5 56.Ra3 Kg4 57.Kh2 Kh4 58.f3 Rc5 59.a5 Rc2+ 60.Kg1 Kg3 61.
Kf1 h4 62.a6 Rc8 63.a7 Ra8 64.Kg1 h3 65.Kh1 h2 66.f4+ 1/2-1/2

[Event "28. Friedensfest-Open (AFRO-A)"]
[Site "Augsburg"]
[Date "2023.08.05"]
[Round "6.36"]
[White "Schoenwetter, Martin"]
[Black "Pikal, Alexander, Dr."]
[Result "1-0"]
[WhiteElo "1737"]
[BlackElo "1952"]
[EventDate "2023.08.03"]
[Time "15:30:00"]
[WhiteTeam "Schachges. Augsburg 1873"]
[BlackTeam "SC Ansbach 1855 e.V."]

1.d4 f5 2.Nf3 Nf6 3.g3 d6 4.Bg2 g6 5.O-O Bg7 6.c4 O-O 7.Nc3 c6 8.Qc2 Qc7 
9.e4 e5 10.dxe5 dxe5 11.Rb1 Be6 12.b3 h6 13.Nh4 f4 14.Nxg6 fxg3 15.Nxf8 
gxh2+ 16.Kh1 Bxf8 17.f4 Nbd7 18.Ne2 Bd6 19.f5 Bf7 20.Kxh2 Kh7 21.Bf3 Qd8 
22.Qd2 Bf8 23.Rh1 Ng8 24.Bb2 Qe7 25.Rbd1 Ndf6 26.Ng3 Qe8 27.Kg2 a5 28.a4 
b6 29.Qc3 Bg7 30.Qd2 Bf8 31.Qe2 Ra7 32.Bh5 Nxh5 33.Nxh5 Bxh5 34.Qxh5 Rg7+ 
35.Kf3 Qe7 36.Rdg1 Qb4 37.Rxg7+ Bxg7 38.Qg6+ Kh8 39.Bc1 Qxb3+ 40.Be3 Qd3 
41.Rg1 Qd7 42.Bxb6 Qd3+ 43.Be3 Qd7 44.Qxg7+ Qxg7 45.Rxg7 Kxg7 46.Bd2 Nf6 
47.Bxa5 Nd7 48.Bc3 Nb6 49.Bxe5+ Kf7 50.a5 Nd7 51.Bd4 1-0

[Event "28. Friedensfest-Open (AFRO-A)"]
[Site "Augsburg"]
[Date "2023.08.03"]
[Round "1.3"]
[White "Bilchinski, Anton"]
[Black "Hoeller, Armin"]
[Result "0-1"]
[WhiteElo "2245"]
[BlackElo "1985"]
[EventDate "2023.08.03"]
[Time "09:30:00"]
[WhiteTeam "SC Eppingen"]
[BlackTeam "SK Weilheim e.V."]

1.d4 f5 2.g3 Nf6 3.Bg2 e6 4.Nh3 d5 5.c4 c6 6.Qc2 Bd6 7.Bf4 O-O 8.Nd2 Ne4 
9.c5 Be7 10.Nxe4 dxe4 11.Qd2 b6 12.Rc1 a5 13.f3 Na6 14.fxe4 bxc5 15.d5 
cxd5 16.exd5 Bb7 17.e4 fxe4 18.d6 Bf6 19.Ng5 e3 20.Qd3 Bxg5 21.Bxg5 Qxg5 
22.Bxb7 Nb4 23.Qe4 Rab8 24.a3 Rxb7 25.Qxb7 Qf6 26.Qg2 Nd3+ 27.Kd1 Qd4 0-1

[Event "28. Friedensfest-Open (AFRO-A)"]
[Site "Augsburg"]
[Date "2023.08.03"]
[Round "2.20"]
[White "Wolf, Thomas"]
[Black "Tsilighiris, Joerg"]
[Result "1-0"]
[WhiteElo "1981"]
[BlackElo "1780"]
[EventDate "2023.08.03"]
[Time "15:30:00"]
[WhiteTeam "SK Leutkirch"]
[BlackTeam "SC Roter Turm Altstadt"]

1.d4 g6 2.Nf3 Bg7 3.Nc3 d6 4.e4 a6 5.a4 Nc6 6.h3 e5 7.Be3 exd4 8.Nxd4 Ne5 
9.Be2 c5 10.Nb3 Be6 11.O-O Nc4 12.Bc1 Ne7 13.Nd2 Na5 14.Ndb1 Nec6 15.Re1 
O-O 16.Nd5 Nd4 17.Nbc3 Nxe2+ 18.Qxe2 Re8 19.Qd1 Rc8 20.Rb1 Bd4 21.Be3 Nc6 
22.Qd2 Bxe3 23.Nxe3 Qg5 24.Kh2 Ne5 25.Ne2 Bxh3 26.Kxh3 Ng4 27.Ng3 Rxe4 28.
Nxe4 Qh5+ 29.Kg3 Qh2+ 30.Kxg4 f5+ 31.Kf3 Qh5+ 32.Kg3 f4+ 33.Kxf4 Rf8+ 34.
Nf5 Qxf5+ 35.Ke3 d5 36.Ke2 1-0